00623nam a22001577a 4500003000400000008004100004020001800045082001500063100001300078245010000091260004000191300001400231942001200245999001700257952019100274OSt240830b |||||||| |||| 00| 0 eng d a9781620553862 a294.5bAVS aVANAMALI aThe Science of the Rishis: The Spiritual and Material Discoveries of the Ancient Sages of India aVermount:bInner Traditions,c2015. axix,235p. 2ddccBK c12872d12872 00102ddc40708IKSaPIETbPIETd2024-08-30eZafaa Books and DistributorsfINRg550.00kZBD0153l1o294.5 AVSp38430q2025-08-18r2025-01-28 00:00:00s2025-01-28v412.50w2024-08-24yBK